| 000 | 00436nam a2200157 i 4500 | ||
|---|---|---|---|
| 001 | 36532 | ||
| 003 | ES-MaACL | ||
| 005 | 20230906155404.0 | ||
| 007 | t| | ||
| 008 | 030218s1920 cr ||||1| spa d | ||
| 100 | 1 |
_aBrañas, César. _931374 |
|
| 245 | 1 | 0 |
_aAlba emérita _b: (novela) / _cCésar Brañas. |
| 260 |
_aSan José de Costa Rica : _b[s.n., _c1920] ( _fImp. Alsina) |
||
| 300 |
_a263 p. ; _c21 cm. |
||
| 852 |
_aES-MaACL _jC-3809 |
||
| 999 |
_c36532 _d36532 |
||